00314nam a2200109Ia 4500008004100000020001500041040002900056050003000085100001600115245004900131260002400180221216s9999||||xx |||||||||||||| ||und|| a9906251103 cChuka University Library aDT 433.576 b.K46A84 1992 aAseka ,Eric 0aMakers of Kenya's History:Mzee jomo Kenyatta aEAEPbNairobic1992